[Event "GER-chW Blitz 2019"]
[Site "Magdeburg"]
[Date "2019.05.25"]
[Round "15.6"]
[White "Schulze, Lara"]
[Black "Siegl, Melina"]
[Result "0-1"]
[WhiteElo "2160"]
[BlackElo "2029"]
[Annotator "NA"]
[PlyCount "55"]
[EventDate "2019.05.25"]
[EventType "tourn"]
[EventCountry "GER"]
[SourceTitle "playchess.com"]
[Source "ChessBase"]
[SourceQuality "1"]
[TimeControl "180+2"]

1. e4 {[%emt 0:00:00]} c5 {[%emt 0:00:00]} 2. Nf3 {[%emt 0:00:01]} e6 {[%emt 0:00:00]} 3. d4 {[%emt 0:00:01]} cxd4 {[%emt 0:00:02]} 4. Nxd4 {[%emt 0:00:00]} Nf6 {[%emt 0:00:01]} 5. Nc3 {[%emt 0:00:13]} a6 {[%emt 0:00:02]} 6. e5 {[%emt 0:00:12]} Ng8 {[%emt 0:00:02]} 7. Be2 {[%emt 0:00:22]} d6 {[%emt 0:00:03]} 8. Nf3 {[%emt 0:00:18]} Nc6 {[%emt 0:00:07]} 9. Bg5 {[%emt 0:00:17]} Qc7 {[%emt 0:00:05]} 10. exd6 {[%emt 0:00:08]} Bxd6 {[%emt 0:00:02]} 11. O-O {[%emt 0:00:09]} h6 {[%emt 0:00:03]} 12. Bh4 {[%emt 0:00:09]} Nge7 {[%emt 0:00:06]} 13. Ne4 {[%emt 0:00:05]} Bf4 {[%emt 0:00:12]} 14. g3 {[%emt 0:00:17]} Ng6 {[%emt 0:00:45]} 15. gxf4 {[%emt 0:01:00]} Nxh4 {[%emt 0:00:02]} 16. Nd6+ {[%emt 0:00:08]} Ke7 {[%emt 0:00:08]} 17. Nxc8+ {[%emt 0:00:01]} Raxc8 {[%emt 0:00:01]} 18. Nxh4 {[%emt 0:00:00]} Qxf4 {[%emt 0:00:03]} 19. Ng2 {[%emt 0:00:01]} Qg5 {[%emt 0:00:07]} 20. f4 {[%emt 0:00:01]} Qc5+ {[%emt 0:00:05]} 21. Kh1 {[%emt 0:00:01]} Nd4 {[%emt 0:00:02]} 22. c3 {[%emt 0:00:03]} Nf5 {[%emt 0:00:14]} 23. Bf3 {[%emt 0:00:01]} Rc7 {[%emt 0:00:07]} 24. Qe2 {[%emt 0:00:02]} g5 {[%emt 0:00:08]} 25. Rad1 {[%emt 0:00:06]} Rg8 {[%emt 0:00:32]} 26. Be4 {[%emt 0:00:09]} Nd6 {[%emt 0:00:04]} 27. Bf3 {[%emt 0:00:06]} g4 {[%emt 0:00:14]} 28. Bxg4 0-1

[Event "GER-chW Blitz 2019"]
[Site "Magdeburg"]
[Date "2019.05.25"]
[Round "15.7"]
[White "Braje, Monika"]
[Black "Muetsch, Annmarie"]
[Result "0-1"]
[WhiteElo "1781"]
[BlackElo "2266"]
[Annotator "NA"]
[PlyCount "97"]
[EventDate "2019.05.25"]
[EventType "tourn"]
[EventCountry "GER"]
[SourceTitle "playchess.com"]
[Source "ChessBase"]
[SourceQuality "1"]
[TimeControl "180+2"]

1. e4 {[%emt 0:00:00]} c5 {[%emt 0:00:00]} 2. d4 cxd4 {[%emt 0:00:01]} 3. c3 {[%emt 0:00:01]} d3 {[%emt 0:00:01]} 4. Bxd3 {[%emt 0:00:01]} Nc6 {[%emt 0:00:01]} 5. Nf3 {[%emt 0:00:02]} g6 {[%emt 0:00:01]} 6. O-O {[%emt 0:00:02]} Bg7 {[%emt 0:00:00]} 7. Bf4 {[%emt 0:00:06]} d6 {[%emt 0:00:01]} 8. h3 {[%emt 0:00:01]} Nf6 {[%emt 0:00:02]} 9. Qe2 {[%emt 0:00:02]} O-O {[%emt 0:00:02]} 10. Rd1 {[%emt 0:00:01]} Nd7 {[%emt 0:00:18]} 11. Na3 {[%emt 0:00:09]} a6 {[%emt 0:00:21]} 12. Rac1 {[%emt 0:00:02]} b5 {[%emt 0:00:04]} 13. Bb1 {[%emt 0:00:06]} Qb6 {[%emt 0:00:07]} 14. Be3 {[%emt 0:00:04]} Qc7 {[%emt 0:00:03]} 15. Nc2 {[%emt 0:00:06]} Nde5 {[%emt 0:00:09]} 16. Nfd4 {[%emt 0:00:05]} Nc4 {[%emt 0:00:06]} 17. b3 {[%emt 0:00:17]} Nxe3 {[%emt 0:00:04]} 18. Qxe3 {[%emt 0:00:04]} Bb7 {[%emt 0:00:06]} 19. Ne1 {[%emt 0:00:03]} Rac8 {[%emt 0:00:10]} 20. Ndf3 {[%emt 0:00:05]} Ne5 {[%emt 0:00:05]} 21. Nd4 {[%emt 0:00:21]} Rfe8 {[%emt 0:00:24]} 22. Kh1 {[%emt 0:00:11]} Qb6 {[%emt 0:00:09]} 23. Qg3 {[%emt 0:00:18]} a5 {[%emt 0:00:09]} 24. f4 {[%emt 0:00:09]} Nc6 {[%emt 0:00:02]} 25. Ndf3 {[%emt 0:00:05]} b4 {[%emt 0:00:04]} 26. c4 {[%emt 0:00:03]} Nd4 {[%emt 0:00:08]} 27. Nxd4 {[%emt 0:00:10]} Bxd4 {[%emt 0:00:01]} 28. e5 {[%emt 0:00:05]} Bf2 {[%emt 0:00:20]} 29. Qg4 {[%emt 0:00:06]} Be3 {[%emt 0:00:27]} 30. exd6 {[%emt 0:00:17]} exd6 {[%emt 0:00:06]} 31. Rc2 {[%emt 0:00:03]} f5 {[%emt 0:00:11]} 32. Qg3 {[%emt 0:00:12]} Bc5 {[%emt 0:00:08]} 33. Rcd2 {[%emt 0:00:05]} Re7 {[%emt 0:00:05]} 34. Bxf5 {[%emt 0:00:02]} Rf8 {[%emt 0:00:03]} 35. Bc2 {[%emt 0:00:03]} Ref7 {[%emt 0:00:05]} 36. f5 {[%emt 0:00:03]} Rg7 {[%emt 0:00:03]} 37. Qf4 {[%emt 0:00:20]} gxf5 {[%emt 0:00:02]} 38. Nf3 {[%emt 0:00:04]} Bxf3 {[%emt 0:00:02]} 39. Qxf3 {[%emt 0:00:01]} f4 {[%emt 0:00:01]} 40. Qd5+ {[%emt 0:00:04]} Kh8 {[%emt 0:00:01]} 41. Rf1 {[%emt 0:00:03]} Qc7 {[%emt 0:00:03]} 42. Re2 {[%emt 0:00:04]} Qa7 {[%emt 0:00:03]} 43. Re4 {[%emt 0:00:03]} Qb8 {[%emt 0:00:03]} 44. Rexf4 {[%emt 0:00:05]} Rfg8 {[%emt 0:00:03]} 45. Rh4 {[%emt 0:00:06]} Qd8 {[%emt 0:00:00]} 46. Rh5 {[%emt 0:00:02]} Qe7 {[%emt 0:00:02]} 47. Qd3 {[%emt 0:00:03]} Qd7 {[%emt 0:00:03]} 48. Qe2 {[%emt 0:00:06]} Re8 {[%emt 0:00:01]} 49. Qf3 0-1

[Event "GER-chW Blitz 2019"]
[Site "Magdeburg"]
[Date "2019.05.25"]
[Round "15.8"]
[White "Mader, Lena"]
[Black "Michna, Marta"]
[Result "1/2-1/2"]
[WhiteElo "1839"]
[BlackElo "2355"]
[Annotator "NA"]
[PlyCount "53"]
[EventDate "2019.05.25"]
[EventType "tourn"]
[EventCountry "GER"]
[SourceTitle "playchess.com"]
[Source "ChessBase"]
[SourceQuality "1"]
[TimeControl "180+2"]

1. c4 {[%emt 0:00:00]} Nf6 {[%emt 0:00:00]} 2. Nc3 {[%emt 0:00:00]} d6 {[%emt 0:00:00]} 3. d4 {[%emt 0:00:12]} Nbd7 {[%emt 0:00:00]} 4. g3 {[%emt 0:00:04]} e5 {[%emt 0:00:01]} 5. dxe5 {[%emt 0:00:03]} dxe5 {[%emt 0:00:02]} 6. Bg2 {[%emt 0:00:02]} c6 {[%emt 0:00:01]} 7. e3 {[%emt 0:00:16]} Qc7 {[%emt 0:00:06]} 8. Nf3 {[%emt 0:00:08]} Be7 {[%emt 0:00:09]} 9. O-O {[%emt 0:00:02]} O-O {[%emt 0:00:01]} 10. Qc2 {[%emt 0:00:20]} Re8 {[%emt 0:00:10]} 11. a3 {[%emt 0:00:06]} a5 {[%emt 0:00:01]} 12. b3 {[%emt 0:00:07]} Bf8 {[%emt 0:00:10]} 13. Bb2 {[%emt 0:00:02]} Nc5 {[%emt 0:00:37]} 14. b4 {[%emt 0:00:36]} axb4 {[%emt 0:00:47]} 15. axb4 {[%emt 0:00:01]} Rxa1 {[%emt 0:00:01]} 16. Rxa1 {[%emt 0:00:01]} Na6 {[%emt 0:00:04]} 17. b5 {[%emt 0:00:24]} Nb4 {[%emt 0:00:11]} 18. Qe2 {[%emt 0:00:21]} Bf5 {[%emt 0:00:25]} 19. Ne1 {[%emt 0:00:10]} e4 {[%emt 0:00:06]} 20. Ra7 {[%emt 0:00:11]} Qb6 {[%emt 0:00:03]} 21. Ra1 {[%emt 0:00:05]} Bg4 {[%emt 0:00:12]} 22. Qf1 {[%emt 0:00:08]} h5 {[%emt 0:00:11]} 23. h3 {[%emt 0:00:01]} Bf5 {[%emt 0:00:02]} 24. bxc6 {[%emt 0:00:05]} bxc6 {[%emt 0:00:05]} 25. Ba3 {[%emt 0:00:07]} Nd3 {[%emt 0:00:05]} 26. Bxf8 {[%emt 0:00:02]} Kxf8 {[%emt 0:00:03]} 27. Nxe4 1/2-1/2

[Event "GER-chW Blitz 2019"]
[Site "Magdeburg"]
[Date "2019.05.25"]
[Round "15.9"]
[White "Zimmer, Elke"]
[Black "Osmanodja, Filiz"]
[Result "0-1"]
[WhiteElo "1926"]
[BlackElo "2260"]
[Annotator "NA"]
[PlyCount "82"]
[EventDate "2019.05.25"]
[EventType "tourn"]
[EventCountry "GER"]
[SourceTitle "playchess.com"]
[Source "ChessBase"]
[SourceQuality "1"]
[TimeControl "180+2"]

1. e4 {[%emt 0:00:00]} c5 {[%emt 0:00:00]} 2. Nc3 {[%emt 0:00:00]} Nc6 3. g3 g6 {[%emt 0:00:00]} 4. Bg2 {[%emt 0:00:01]} Bg7 {[%emt 0:00:01]} 5. d3 {[%emt 0:00:02]} e6 {[%emt 0:00:01]} 6. Be3 {[%emt 0:00:02]} d6 {[%emt 0:00:01]} 7. Nf3 {[%emt 0:00:02]} Nge7 {[%emt 0:00:01]} 8. O-O {[%emt 0:00:02]} O-O {[%emt 0:00:02]} 9. Qd2 {[%emt 0:00:01]} Nd4 {[%emt 0:00:03]} 10. Bh6 {[%emt 0:00:04]} Nec6 {[%emt 0:00:17]} 11. Bxg7 {[%emt 0:00:04]} Kxg7 {[%emt 0:00:01]} 12. Nd1 {[%emt 0:00:10]} f5 {[%emt 0:00:16]} 13. Ne1 {[%emt 0:00:36]} e5 {[%emt 0:00:12]} 14. c3 {[%emt 0:00:04]} Ne6 {[%emt 0:00:04]} 15. Ne3 {[%emt 0:00:13]} f4 {[%emt 0:00:12]} 16. Nd5 {[%emt 0:00:03]} Ne7 {[%emt 0:00:04]} 17. Nxe7 {[%emt 0:00:31]} Qxe7 {[%emt 0:00:01]} 18. Nf3 {[%emt 0:00:11]} g5 {[%emt 0:00:18]} 19. h3 {[%emt 0:00:04]} h5 {[%emt 0:00:08]} 20. g4 {[%emt 0:00:18]} hxg4 {[%emt 0:00:06]} 21. hxg4 {[%emt 0:00:01]} Rh8 {[%emt 0:00:23]} 22. Nh2 {[%emt 0:00:11]} f3 {[%emt 0:00:24]} 23. Nxf3 {[%emt 0:00:10]} Nf4 {[%emt 0:00:02]} 24. d4 {[%emt 0:00:07]} Bxg4 {[%emt 0:00:08]} 25. dxe5 {[%emt 0:00:07]} dxe5 {[%emt 0:00:28]} 26. Rfd1 {[%emt 0:00:13]} Nxg2 {[%emt 0:00:04]} 27. Kxg2 {[%emt 0:00:01]} Bxf3+ {[%emt 0:00:10]} 28. Kxf3 {[%emt 0:00:02]} Rad8 {[%emt 0:00:06]} 29. Qc1 {[%emt 0:00:18]} Rxd1 {[%emt 0:00:06]} 30. Qxd1 {[%emt 0:00:01]} Qe6 {[%emt 0:00:02]} 31. Qg1 {[%emt 0:00:05]} Rf8+ {[%emt 0:00:05]} 32. Ke2 {[%emt 0:00:02]} Qc4+ {[%emt 0:00:02]} 33. Ke3 {[%emt 0:00:09]} Kg6 {[%emt 0:00:04]} 34. Rd1 {[%emt 0:00:02]} Rf4 {[%emt 0:00:04]} 35. Rd6+ {[%emt 0:00:02]} Kf7 {[%emt 0:00:00]} 36. Qg2 {[%emt 0:00:05]} g4 {[%emt 0:00:02]} 37. Rd7+ {[%emt 0:00:03]} Ke6 {[%emt 0:00:01]} 38. Rxb7 {[%emt 0:00:01]} Rf3+ {[%emt 0:00:02]} 39. Kd2 {[%emt 0:00:01]} Qxe4 {[%emt 0:00:09]} 40. Rg7 {[%emt 0:00:06]} Rd3+ {[%emt 0:00:01]} 41. Kc2 {[%emt 0:00:04]} Qxg2 {[%emt 0:00:03]} 0-1

[Event "GER-chW Blitz 2019"]
[Site "Magdeburg"]
[Date "2019.05.25"]
[Round "15.10"]
[White "Kopylov, Luba"]
[Black "Sieber, Fiona"]
[Result "0-1"]
[WhiteElo "2078"]
[BlackElo "2250"]
[Annotator "NA"]
[PlyCount "102"]
[EventDate "2019.05.25"]
[EventType "tourn"]
[EventCountry "GER"]
[SourceTitle "playchess.com"]
[Source "ChessBase"]
[SourceQuality "1"]
[TimeControl "180+2"]

1. d4 {[%emt 0:00:00]} Nf6 {[%emt 0:00:00]} 2. c4 {[%emt 0:00:00]} e6 {[%emt 0:00:01]} 3. Nc3 Bb4 4. e3 {[%emt 0:00:03]} O-O {[%emt 0:00:03]} 5. Nge2 {[%emt 0:00:01]} d5 {[%emt 0:00:02]} 6. a3 {[%emt 0:00:01]} Be7 {[%emt 0:00:04]} 7. cxd5 {[%emt 0:00:01]} exd5 {[%emt 0:00:01]} 8. Ng3 {[%emt 0:00:01]} Re8 {[%emt 0:00:05]} 9. Bd3 {[%emt 0:00:02]} c6 {[%emt 0:00:03]} 10. O-O {[%emt 0:00:02]} Nbd7 {[%emt 0:00:02]} 11. b4 {[%emt 0:00:03]} Nf8 {[%emt 0:00:19]} 12. Bb2 {[%emt 0:00:02]} Ng6 {[%emt 0:00:05]} 13. Qc2 {[%emt 0:00:10]} Nh4 {[%emt 0:00:33]} 14. Na4 {[%emt 0:00:08]} Bd6 {[%emt 0:00:23]} 15. Nc5 {[%emt 0:00:05]} Qc7 {[%emt 0:00:32]} 16. Rac1 {[%emt 0:00:39]} g6 {[%emt 0:00:04]} 17. e4 {[%emt 0:00:07]} dxe4 {[%emt 0:00:26]} 18. Ncxe4 {[%emt 0:00:01]} Nxe4 {[%emt 0:00:07]} 19. Bxe4 {[%emt 0:00:02]} Bf4 {[%emt 0:00:20]} 20. Rce1 {[%emt 0:00:09]} Be6 {[%emt 0:00:03]} 21. Qc3 {[%emt 0:00:16]} f6 {[%emt 0:00:16]} 22. d5 {[%emt 0:00:08]} Be5 {[%emt 0:00:02]} 23. Qc1 {[%emt 0:00:20]} cxd5 {[%emt 0:00:01]} 24. Qxc7 {[%emt 0:00:06]} Bxc7 {[%emt 0:00:01]} 25. Bxf6 {[%emt 0:00:04]} dxe4 {[%emt 0:00:04]} 26. Bxh4 {[%emt 0:00:01]} Bd5 {[%emt 0:00:01]} 27. Bg5 {[%emt 0:00:06]} Kg7 {[%emt 0:00:03]} 28. Rd1 {[%emt 0:00:08]} Bc6 {[%emt 0:00:01]} 29. Rfe1 {[%emt 0:00:04]} Re6 {[%emt 0:00:02]} 30. Rd4 {[%emt 0:00:08]} Rae8 {[%emt 0:00:01]} 31. Nf1 {[%emt 0:00:11]} Bb6 {[%emt 0:00:01]} 32. Rd2 {[%emt 0:00:06]} Rf8 {[%emt 0:00:04]} 33. Be3 {[%emt 0:00:04]} Bxe3 {[%emt 0:00:03]} 34. Nxe3 {[%emt 0:00:02]} Re7 {[%emt 0:00:02]} 35. Nc4 {[%emt 0:00:03]} a6 {[%emt 0:00:02]} 36. Nb2 {[%emt 0:00:04]} b6 {[%emt 0:00:01]} 37. a4 {[%emt 0:00:03]} Rc8 {[%emt 0:00:02]} 38. Rc1 {[%emt 0:00:02]} Kf6 {[%emt 0:00:01]} 39. Rd6+ {[%emt 0:00:02]} Re6 {[%emt 0:00:01]} 40. Rxe6+ {[%emt 0:00:04]} Kxe6 {[%emt 0:00:01]} 41. Kf1 {[%emt 0:00:03]} Bb5+ {[%emt 0:00:02]} 42. Nc4 {[%emt 0:00:03]} Bxa4 {[%emt 0:00:03]} 43. Ke1 {[%emt 0:00:05]} Bb5 {[%emt 0:00:02]} 44. Kd2 {[%emt 0:00:08]} Rxc4 {[%emt 0:00:01]} 45. Re1 {[%emt 0:00:02]} Kd5 {[%emt 0:00:01]} 46. Rd1 {[%emt 0:00:03]} Rd4+ {[%emt 0:00:02]} 47. Kc2 {[%emt 0:00:02]} Ba4+ {[%emt 0:00:00]} 48. Kb2 {[%emt 0:00:01]} Rxd1 {[%emt 0:00:02]} 49. Ka3 {[%emt 0:00:01]} b5 {[%emt 0:00:01]} 50. Kb2 {[%emt 0:00:00]} Rd2+ {[%emt 0:00:01]} 51. Kc3 {[%emt 0:00:01]} Rc2# {[%emt 0:00:01]} 0-1

[Event "GER-chW Blitz 2019"]
[Site "Magdeburg"]
[Date "2019.05.25"]
[Round "15.11"]
[White "Gheng, Simona"]
[Black "Daemering, Katrin"]
[Result "1-0"]
[WhiteElo "1991"]
[BlackElo "2003"]
[Annotator "NA"]
[PlyCount "80"]
[EventDate "2019.05.25"]
[EventType "tourn"]
[EventCountry "GER"]
[SourceTitle "playchess.com"]
[Source "ChessBase"]
[SourceQuality "1"]
[TimeControl "180+2"]

1. e4 {[%emt 0:00:00]} c5 {[%emt 0:00:00]} 2. c4 {[%emt 0:00:01]} Nc6 {[%emt 0:00:01]} 3. Nc3 {[%emt 0:00:01]} e6 {[%emt 0:00:01]} 4. g3 {[%emt 0:00:02]} a6 {[%emt 0:00:03]} 5. Bg2 {[%emt 0:00:01]} g6 {[%emt 0:00:01]} 6. Nge2 {[%emt 0:00:01]} Bg7 {[%emt 0:00:02]} 7. d3 {[%emt 0:00:01]} Nge7 {[%emt 0:00:01]} 8. O-O {[%emt 0:00:02]} O-O {[%emt 0:00:02]} 9. a3 {[%emt 0:00:01]} Nd4 {[%emt 0:00:08]} 10. Nxd4 {[%emt 0:00:06]} cxd4 {[%emt 0:00:02]} 11. Ne2 {[%emt 0:00:01]} f5 {[%emt 0:00:13]} 12. f4 {[%emt 0:00:02]} d6 {[%emt 0:00:06]} 13. b4 {[%emt 0:00:03]} e5 {[%emt 0:00:12]} 14. Bb2 {[%emt 0:00:04]} Rb8 {[%emt 0:00:14]} 15. Rb1 {[%emt 0:00:17]} Be6 {[%emt 0:00:06]} 16. Bc1 {[%emt 0:00:27]} h6 {[%emt 0:00:03]} 17. exf5 {[%emt 0:00:05]} Nxf5 {[%emt 0:00:08]} 18. g4 {[%emt 0:00:03]} Ne3 {[%emt 0:00:21]} 19. Bxe3 {[%emt 0:00:02]} dxe3 {[%emt 0:00:02]} 20. Qc1 {[%emt 0:00:13]} Bxg4 {[%emt 0:00:15]} 21. Qxe3 {[%emt 0:01:08]} Bxe2 {[%emt 0:00:12]} 22. Qxe2 {[%emt 0:00:01]} exf4 {[%emt 0:00:03]} 23. Qe4 {[%emt 0:00:07]} Qg5 {[%emt 0:00:09]} 24. Qd5+ {[%emt 0:00:05]} Qxd5 {[%emt 0:00:09]} 25. Bxd5+ {[%emt 0:00:01]} Kh7 {[%emt 0:00:02]} 26. Rbe1 {[%emt 0:00:01]} Be5 {[%emt 0:00:01]} 27. Re4 {[%emt 0:00:02]} g5 {[%emt 0:00:09]} 28. d4 {[%emt 0:00:02]} Bf6 {[%emt 0:00:02]} 29. Kg2 {[%emt 0:00:03]} b6 {[%emt 0:00:04]} 30. h3 {[%emt 0:00:02]} Rbe8 {[%emt 0:00:01]} 31. Rfe1 {[%emt 0:00:01]} Rxe4 {[%emt 0:00:05]} 32. Rxe4 {[%emt 0:00:00]} Kg7 {[%emt 0:00:06]} 33. Kf3 {[%emt 0:00:02]} Rd8 {[%emt 0:00:10]} 34. Kg4 {[%emt 0:00:01]} Kg6 {[%emt 0:00:03]} 35. Re6 {[%emt 0:00:05]} h5+ {[%emt 0:00:03]} 36. Kf3 {[%emt 0:00:01]} Kf5 {[%emt 0:00:02]} 37. Re4 {[%emt 0:00:12]} g4+ {[%emt 0:00:01]} 38. hxg4+ {[%emt 0:00:00]} hxg4+ {[%emt 0:00:01]} 39. Kf2 {[%emt 0:00:01]} Rh8 {[%emt 0:00:06]} 40. Be6+ {[%emt 0:00:07]} Kxe4 {[%emt 0:00:02]} 1-0

[Event "GER-chW Blitz 2019"]
[Site "Magdeburg"]
[Date "2019.05.25"]
[Round "15.12"]
[White "Kunze, Kerstin"]
[Black "Kreismann, Franziska"]
[Result "1-0"]
[WhiteElo "2066"]
[BlackElo "1589"]
[Annotator "NA"]
[PlyCount "53"]
[EventDate "2019.05.25"]
[EventType "tourn"]
[EventCountry "GER"]
[SourceTitle "playchess.com"]
[Source "ChessBase"]
[SourceQuality "1"]
[TimeControl "180+2"]

1. e4 {[%emt 0:00:00]} c6 {[%emt 0:00:00]} 2. d4 {[%emt 0:00:02]} d5 {[%emt 0:00:00]} 3. Nc3 {[%emt 0:00:01]} dxe4 {[%emt 0:00:02]} 4. Nxe4 {[%emt 0:00:01]} Bf5 {[%emt 0:00:00]} 5. Ng3 {[%emt 0:00:02]} Bg6 {[%emt 0:00:01]} 6. h4 {[%emt 0:00:02]} h6 {[%emt 0:00:02]} 7. Nf3 {[%emt 0:00:03]} Nf6 {[%emt 0:00:03]} 8. h5 {[%emt 0:00:05]} Bh7 {[%emt 0:00:01]} 9. Bd3 {[%emt 0:00:01]} Bxd3 {[%emt 0:00:03]} 10. Qxd3 {[%emt 0:00:01]} e6 {[%emt 0:00:05]} 11. Bd2 {[%emt 0:00:15]} Nbd7 {[%emt 0:00:06]} 12. O-O-O {[%emt 0:00:06]} Bd6 {[%emt 0:00:13]} 13. Rde1 {[%emt 0:00:24]} Qb6 {[%emt 0:00:06]} 14. Ne5 {[%emt 0:00:20]} Rf8 {[%emt 0:00:17]} 15. Nxd7 {[%emt 0:00:07]} Nxd7 {[%emt 0:00:03]} 16. Ne4 {[%emt 0:00:01]} Bb4 {[%emt 0:00:11]} 17. c3 {[%emt 0:00:09]} Be7 {[%emt 0:00:07]} 18. Bf4 {[%emt 0:00:02]} O-O-O {[%emt 0:00:15]} 19. Bd6 {[%emt 0:00:23]} Bxd6 {[%emt 0:00:18]} 20. Nxd6+ {[%emt 0:00:01]} Kb8 {[%emt 0:00:00]} 21. Qg3 {[%emt 0:00:10]} Qc7 {[%emt 0:00:16]} 22. c4 {[%emt 0:00:17]} Nb6 {[%emt 0:00:17]} 23. c5 {[%emt 0:00:03]} Nd5 {[%emt 0:00:04]} 24. Qxg7 {[%emt 0:00:07]} Nb4 {[%emt 0:00:21]} 25. Kb1 {[%emt 0:00:05]} Qa5 {[%emt 0:00:25]} 26. a3 {[%emt 0:00:06]} Nd3 {[%emt 0:00:10]} 27. Re2 {[%emt 0:00:03]} 1-0

[Event "GER-chW Blitz 2019"]
[Site "Magdeburg"]
[Date "2019.05.25"]
[Round "16.1"]
[White "Roesler, Hannah Clara Hed"]
[Black "Kreismann, Franziska"]
[Result "1-0"]
[WhiteElo "1619"]
[BlackElo "1589"]
[Annotator "NA"]
[PlyCount "71"]
[EventDate "2019.05.25"]
[EventType "tourn"]
[EventCountry "GER"]
[SourceTitle "playchess.com"]
[Source "ChessBase"]
[SourceQuality "1"]
[TimeControl "180+2"]

1. e4 {[%emt 0:00:01]} c6 {[%emt 0:00:00]} 2. d4 {[%emt 0:00:01]} d5 {[%emt 0:00:00]} 3. exd5 {[%emt 0:00:01]} cxd5 {[%emt 0:00:00]} 4. c4 {[%emt 0:00:00]} dxc4 {[%emt 0:00:02]} 5. Bxc4 {[%emt 0:00:03]} e6 {[%emt 0:00:02]} 6. Nf3 {[%emt 0:00:11]} Bb4+ {[%emt 0:00:04]} 7. Nc3 {[%emt 0:00:08]} Nc6 {[%emt 0:00:06]} 8. O-O {[%emt 0:00:14]} Nf6 {[%emt 0:00:05]} 9. Bg5 {[%emt 0:00:08]} O-O {[%emt 0:00:04]} 10. Bb3 {[%emt 0:00:50]} b6 {[%emt 0:00:04]} 11. Bc2 {[%emt 0:00:23]} Bb7 {[%emt 0:00:05]} 12. Qd3 {[%emt 0:00:06]} g6 {[%emt 0:00:09]} 13. Ne4 {[%emt 0:00:06]} Be7 {[%emt 0:00:03]} 14. Bh6 {[%emt 0:00:03]} Re8 {[%emt 0:00:24]} 15. Neg5 {[%emt 0:00:17]} Nh5 {[%emt 0:00:28]} 16. Ne4 {[%emt 0:00:12]} Nf6 {[%emt 0:00:24]} 17. Nc3 {[%emt 0:00:13]} Qc7 {[%emt 0:00:09]} 18. Rac1 {[%emt 0:00:03]} Rad8 {[%emt 0:00:01]} 19. Rfe1 {[%emt 0:00:05]} Ng4 {[%emt 0:00:06]} 20. Be3 {[%emt 0:00:09]} Bd6 {[%emt 0:00:11]} 21. Nb5 {[%emt 0:00:03]} Bxh2+ {[%emt 0:00:11]} 22. Kf1 {[%emt 0:00:07]} Nxe3+ {[%emt 0:00:23]} 23. Rxe3 {[%emt 0:00:06]} Qf4 {[%emt 0:00:15]} 24. Qd2 {[%emt 0:00:10]} a6 {[%emt 0:00:11]} 25. Nc3 {[%emt 0:00:03]} Qc7 {[%emt 0:00:03]} 26. a3 {[%emt 0:00:02]} e5 {[%emt 0:00:13]} 27. d5 {[%emt 0:00:02]} Ne7 {[%emt 0:00:01]} 28. Ng5 {[%emt 0:00:03]} Nf5 {[%emt 0:00:07]} 29. Bxf5 {[%emt 0:00:03]} gxf5 {[%emt 0:00:01]} 30. Rh3 {[%emt 0:00:02]} Kg7 {[%emt 0:00:01]} 31. Rxh2 {[%emt 0:00:01]} Re6 {[%emt 0:00:01]} 32. Rxh7+ {[%emt 0:00:01]} Kg6 {[%emt 0:00:01]} 33. Rxf7 Kh6 {[%emt 0:00:05]} 34. Rxc7 {[%emt 0:00:04]} Rde8 {[%emt 0:00:02]} 35. Nf7+ {[%emt 0:00:01]} Kg7 {[%emt 0:00:01]} 36. Nd6+ {[%emt 0:00:02] Rxd6 [%clk 0:00:07]} 1-0

[Event "GER-chW Blitz 2019"]
[Site "Magdeburg"]
[Date "2019.05.25"]
[Round "16.2"]
[White "Daemering, Katrin"]
[Black "Kunze, Kerstin"]
[Result "1/2-1/2"]
[WhiteElo "2003"]
[BlackElo "2066"]
[Annotator "NA"]
[PlyCount "100"]
[EventDate "2019.05.25"]
[EventType "tourn"]
[EventCountry "GER"]
[SourceTitle "playchess.com"]
[Source "ChessBase"]
[SourceQuality "1"]
[TimeControl "180+2"]

1. Nf3 {[%emt 0:00:00]} Nf6 {[%emt 0:00:00]} 2. g3 {[%emt 0:00:00]} d5 {[%emt 0:00:02]} 3. d3 {[%emt 0:00:01]} Nc6 {[%emt 0:00:04]} 4. Bg2 {[%emt 0:00:02]} e5 {[%emt 0:00:01]} 5. O-O {[%emt 0:00:02]} Be7 {[%emt 0:00:01]} 6. Nbd2 {[%emt 0:00:01]} O-O {[%emt 0:00:02]} 7. c4 {[%emt 0:00:02]} h6 {[%emt 0:00:09]} 8. cxd5 {[%emt 0:00:07]} Nxd5 {[%emt 0:00:01]} 9. Nc4 {[%emt 0:00:02]} Bf6 {[%emt 0:00:05]} 10. a3 {[%emt 0:00:04]} a6 {[%emt 0:00:12]} 11. e4 {[%emt 0:00:13]} Nb6 {[%emt 0:00:18]} 12. Ne3 {[%emt 0:00:02]} Be6 {[%emt 0:00:10]} 13. b4 {[%emt 0:00:09]} Qd7 14. Qe2 {[%emt 0:00:21]} Na4 {[%emt 0:00:31]} 15. Qc2 {[%emt 0:00:15]} Nd4 {[%emt 0:00:10]} 16. Nxd4 {[%emt 0:00:03]} exd4 {[%emt 0:00:02]} 17. Nd1 {[%emt 0:00:09]} c5 {[%emt 0:00:17]} 18. Re1 {[%emt 0:00:23]} Rac8 {[%emt 0:00:09]} 19. Qe2 {[%emt 0:00:24]} Be7 {[%emt 0:00:12]} 20. Bd2 {[%emt 0:00:13]} c4 {[%emt 0:00:05]} 21. dxc4 {[%emt 0:00:10]} Bxc4 {[%emt 0:00:04]} 22. Qh5 {[%emt 0:00:02]} Be6 {[%emt 0:00:28]} 23. h3 {[%emt 0:00:08]} Nb2 {[%emt 0:00:04]} 24. Nxb2 {[%emt 0:00:03]} Rc2 {[%emt 0:00:02]} 25. Bc1 {[%emt 0:00:02]} d3 {[%emt 0:00:07]} 26. Qd1 {[%emt 0:00:11]} Rd8 {[%emt 0:00:08]} 27. Re3 {[%emt 0:00:32]} Bb3 {[%emt 0:00:13]} 28. Qxd3 {[%emt 0:00:06]} Qe6 {[%emt 0:00:14]} 29. Qf1 {[%emt 0:00:01]} Bc4 {[%emt 0:00:04]} 30. Nxc4 {[%emt 0:00:01]} Rxc4 {[%emt 0:00:00]} 31. Bb2 {[%emt 0:00:01]} Rc2 {[%emt 0:00:01]} 32. Bc3 {[%emt 0:00:04]} Rc8 {[%emt 0:00:01]} 33. Be1 {[%emt 0:00:02]} Bf6 34. Rd1 {[%emt 0:00:02]} Qe7 {[%emt 0:00:01]} 35. e5 {[%emt 0:00:02]} Bg5 {[%emt 0:00:01]} 36. Re4 {[%emt 0:00:01]} Qe8 {[%emt 0:00:01]} 37. f4 {[%emt 0:00:01]} Be7 {[%emt 0:00:01]} 38. Qd3 {[%emt 0:00:01]} R2c7 39. Rd4 {[%emt 0:00:02]} a5 {[%emt 0:00:03]} 40. bxa5 {[%emt 0:00:00]} Bc5 {[%emt 0:00:00]} 41. Kh1 {[%emt 0:00:02]} Bxd4 {[%emt 0:00:01]} 42. Qxd4 {[%emt 0:00:01]} Rc2 {[%emt 0:00:01]} 43. Bf2 {[%emt 0:00:02]} Qb5 {[%emt 0:00:01]} 44. Qd7 {[%emt 0:00:01]} Qb2 {[%emt 0:00:01]} 45. Qd3 {[%emt 0:00:03]} Rxf2 {[%emt 0:00:01]} 46. Qe4 {[%emt 0:00:02]} Rcc2 {[%emt 0:00:01]} 47. Rg1 {[%emt 0:00:01]} Rxf4 {[%emt 0:00:01]} 48. gxf4 {[%emt 0:00:01]} Rxg2 {[%emt 0:00:02]} 49. Rxg2 {[%emt 0:00:01]} Qxa3 {[%emt 0:00:00]} 50. Qe1 {[%emt 0:00:02]} Qa4 {[%emt 0:00:02]} 1/2-1/2